Comercio Internacional: del GATT a la OMC (Registro nro. 1201)

Detalles MARC
000 -LEADER
fixed length control field 02136 a2200217 4500
001 - CONTROL NUMBER
control field 24565
005 - DATE AND TIME OF LATEST TRANSACTION
control field 20260407155529.0
008 - FIXED-LENGTH DATA ELEMENTS--GENERAL INFORMATION
fixed length control field 260407a2010 arg spa d
003 - CONTROL NUMBER IDENTIFIER
control field AR-UNSa-BCEJYS
040 ## - CATALOGING SOURCE
Original cataloging agency AR-UNSa-BCEJYS
Language of cataloging spa
Transcribing agency AR-UNSa-BCEJYS
080 ## - UNIVERSAL DECIMAL CLASSIFICATION NUMBER
Universal Decimal Classification number 339.5
Common auxiliary subdivision Comercio exterior. Comercio Internacional
020 ## - INTERNATIONAL STANDARD BOOK NUMBER
International Standard Book Number 978-950-23-1708-3
100 1# - MAIN ENTRY--PERSONAL NAME
Personal name Correa, Carlos María
245 10 - TITLE STATEMENT
Title Comercio Internacional: del GATT a la OMC
Name of part/section of a work disciplinas y solución de controversias
264 #1 - PRODUCTION, PUBLICATION, DISTRIBUTION, MANUFACTURE, AND COPYRIGHT NOTICE
Place of production, publication, distribution, manufacture Buenos Aires :
Name of producer, publisher, distributor, manufacturer Universidad de Buenos Aires. Facultad de Derecho. Departamento de Publicaciones
Date of production, publication, distribution, manufacture, or copyright notice 2010
300 ## - PHYSICAL DESCRIPTION
Extent 849 p.
Dimensions 23 cm.
505 ## - FORMATTED CONTENTS NOTE
Formatted contents note 1. La inserción de América Latina en la liberalización del comerco : La OMC y los acuerdos comerciales regionales - 2. Nacimieto y evolucióndel sistema GATT/OMC - 3. El acurdo sobre Agricultura - 4. Normas GATT sobre aranceles industriales e implicaciones para la Justicia Social en América Latina - 5. La defensa del mercado interno : antidumping y salvagurdias - 6. Acordo sobres subsídios e medidas compensatorias - 7. Instrumentación del acuerdo sobre los ADPIC en un contexto de asimetría científico-tecnologíca - 8. Inversiones relacionadas con el comercio en el sistema de la OMC - 9. Las negociaciones de acceso a los mercados en servicios y de reglamentación nacional en la ronda de Doha y las perspectivas de Latinoamérica - 10. El procedimiento de solución de controversias : un balance de su creación.La participación de los países de América Latina - 11. Caso del algodón, el resultado en función de las cuestiones preliminares tratadas - 12. Globalización y acceso de los medicamentos.Implicaciones de los acuerdos ADPIC de la OMC - 13. Las indicaciones geográficas y otras cuestiones vinculadas a la negación agrícola : el medio ambiente y la patentabilidad de la materia viva - 14. As negociaçóes de Alca de 1994 a 2005.
590 ## - LOCAL NOTE (RLIN)
Local note niveau_biblio:m niveau_hierar:0
856 41 - ELECTRONIC LOCATION AND ACCESS
Uniform Resource Identifier <a href="https://biblioeco.unsa.edu.ar/pmb/images/libros/Comercio Internacional del GATT a la OMC Correa, Carlos Mar?a (2010).jpg">https://biblioeco.unsa.edu.ar/pmb/images/libros/Comercio Internacional del GATT a la OMC Correa, Carlos Mar?a (2010).jpg</a>
Link text Imagen de portada
Electronic format type image/jpeg
942 ## - ADDED ENTRY ELEMENTS (KOHA)
Koha item type
Existencias
Withdrawn status Lost status Damaged status Not for loan Home library Current library Shelving location Date acquired Total checkouts Full call number Barcode Date last seen Price effective from Koha item type
        Biblioteca Prof. Eusebio Cleto del Rey Biblioteca Prof. Eusebio Cleto del Rey   07/04/2026   339.5 C824 L117907 07/04/2026 07/04/2026 Libro